000 01257nam a2200229 a 4500
001 78638
003 BD-RjUL
005 20220518151349.0
008 211025s195 le b 001|0 ara d
035 _a(BD-RjUL)78864
040 _aUkCU
_dUkOxU
_bara
_cBD-RjUL
041 _aeng/ara
082 _223
_a892.71
_bTAS 1989
100 1 _aالتبريزي أبو زكريا يحيى بن علي بن محمد بن حسن ;; Al-Tabrizi Abu Zakaria Yahya bin Ali bin Muhammad bin Hassan bin Bastam
_d-1109.
_9246908
245 1 0 _aشرح ديوان الحماسة ;; Sharḥ Dīwān al-ḥamāsah :
_bلأبي تمامli ;; -Abī Tammām /
_cتأليف التبريزي، يحيى بن علي بن محمد، (421-502 هـ.); أبو تمام، حبيب بن أوس بن الحارث، (188-231 هـ.. ;; taʼlīf al-Khaṭīb al-Tibrīzī Abī Zakarīyā Yaḥyá ibn ʿAlī ibn Muḥammad ibn Ḥasan ibn Busṭām al-Shaybānī ; kataba ḥawāshiyahu Gharīd al-Shaykh ; waḍaʿa fahārisahu al-ʿāmmah Aḥmad Shams al-Dīn.
260 _aبيروت :
_bعالم الكتب،
_c1989
300 _a v. ;
_c25 cm.
504 _aIncludes bibliographical references indexes.
505 _aVol.1.--2.--
650 _aArabic Poem
_9249334
942 _2ddc
_cBK
999 _c78638
_d78638